| 000 | 01211nam a2200301 c 4500 | ||
|---|---|---|---|
| 003 | BLK | ||
| 005 | 20240227142656.0 | ||
| 008 | 180412b bul|||||r ||||||| ||bul|| | ||
| 020 | _a9786190213376 | ||
| 040 | _aBLK | ||
| 041 |
_aBUL _cBUL |
||
| 080 |
_aИталианска литература _b821.131.1 _x-94 _z821.131.1-94 |
||
| 100 | 1 |
_aМараини, Дача _eпърви автор _992508 |
|
| 139 |
_aМараини, Дача _bМ 29 |
||
| 245 | 1 | 0 |
_aСкъпи Пиер Паоло _bРоман _cДача Мараини; прев. от итал. Вера Петрова |
| 257 | _aITA | ||
| 260 |
_bКолибри _c2023 _9209486 _aСофия _n978-619-02- ; 978-619-150- ; 978-954-150- ; 978-954-529- |
||
| 300 |
_a181 с. _c20 см |
||
| 380 | _aX | ||
| 500 | _aОриг. загл.: Caro Pier Paolo / Dacia Maraini Биогр. данни за авт. отбелязани на гърба на кор. | ||
| 700 | 1 |
_aПетрова, Вера Върбанова _eпрев. от итал. _9109971 |
|
| 856 | 4 |
_qpdf _u |
|
| 856 | 4 |
_qpdf _u |
|
| 942 |
_cKNG _n0 _04 |
||
| 944 |
_cНора Радева _k30564 _lГалина Якимова |
||
| 999 |
_c498850 _d498850 |
||
| 999 | _d498850 | ||
| 999 | _d14047 | ||